| Tag |
First Indicator |
Second Indicator |
Subfields |
| LEADER |
00000pam a2200000 a 4500 |
| 001 |
in00000071896 |
| 005 |
20151008062440.0 |
| 008 |
810319s1981 nyua b 00110 eng |
| 010 |
|
|
|a 81004431
|
| 020 |
|
|
|a 0387905774 (U.S.)
|
| 035 |
|
|
|a (OCoLC)07307232
|
| 035 |
|
|
|9 AAK0249AM
|
| 040 |
|
|
|a DLC
|c DLC
|d TXA
|d UtOrBLW
|
| 049 |
|
|
|a TXAM
|c [1442086]
|
| 050 |
0 |
0 |
|a QA1
|b .A647 vol. 35
|a QA613
|
| 082 |
0 |
|
|a 510 s
|a 516/.07
|2 19
|
| 090 |
|
|
|a QA1
|b .A647 v. 35
|a QA613
|
| 100 |
1 |
|
|a Carr, Jack.
|
| 245 |
1 |
0 |
|a Applications of centre manifold theory /
|c Jack Carr.
|
| 264 |
|
1 |
|a New York :
|b Springer-Verlag,
|c [1981]
|
| 264 |
|
4 |
|c ©1981
|
| 300 |
|
|
|a 142 pages :
|b illustrations ;
|c 25 cm.
|
| 336 |
|
|
|a text
|b txt
|2 rdacontent
|
| 337 |
|
|
|a unmediated
|b n
|2 rdamedia
|
| 338 |
|
|
|a volume
|b nc
|2 rdacarrier
|
| 490 |
1 |
|
|a Applied mathematical sciences ;
|v v. 35
|
| 500 |
|
|
|a "Based on a series of lectures given in the Lefschetz Center for Dynamical Systems in the Division of Applied Mathematics at Brown University during the academic year 1978-79"--Pref.
|
| 500 |
|
|
|a Includes index.
|
| 504 |
|
|
|a Bibliography: pages 136-140.
|
| 650 |
|
0 |
|a Manifolds (Mathematics)
|
| 650 |
|
0 |
|a Bifurcation theory.
|
| 830 |
|
0 |
|a Applied mathematical sciences (Springer-Verlag New York Inc.) ;
|v v. 35.
|
| 999 |
|
|
|a MARS
|
| 999 |
f |
f |
|s 3776cdc5-a0ff-350f-acf1-743bad849760
|i 620cdc41-9d25-3121-8022-5345b9d880ff
|t 0
|
| 952 |
f |
f |
|p normal
|a Texas A&M University
|b College Station
|c Sterling C. Evans Library
|d Evans: Library Stacks
|t 0
|e QA1 .A647 v.35
|h Library of Congress classification
|i unmediated -- volume
|m A14806200184
|
| 998 |
f |
f |
|a QA1 .A647 v.35
|t 0
|l Evans: Library Stacks
|